000 01090nas a2200313 4500
001 BR0200595
003 BR-BrBNA
005 20231205102714.0
007 ta
008 230509b bl.|||p| |||| 00| 00por d
040 _aBR-BrBNA
_bpor
_cBiblioteca Nacional de Agricultura
041 _a(Pt)
072 _aL53
100 1 _aVilela, E.R.
100 1 _aVasconcelos, J.L.M.
100 1 _aCerri, J.L.M.
100 1 _aMeneghetti, M.
100 1 _aFerreira Júnior, N.
111 1 _a14. Congresso Brasileiro de Reprodução Animal
_cBelo Horizonte, MG (Brazil)
_d1-5 Aug 2001
245 1 _aEfeito da remoção dos bezerros na taxa de prenhez à IA com tempo fixo e à monta natural nos primeiros 30 dias da estação de monta em vacas Nelore
650 _aGADO NELORE
650 _aBEZERRO
650 _aPRENHEZ
650 _aSINCRONIZAÇÃO DO CIO
650 _aACASALAMENTO
773 0 _tRevista Brasileira de Reprodução Animal (Brazil)
_xISSN 0102-0803
_g(Jul-Sep 2001), v. 25(3) p. 288-289
_wBR0200595
909 _a202311
_bLúcia
_c55
_dLúcia Elande
942 _2AGRIS
_n0
_cANA
999 _c168927
_d168927